000 02304nam a2200409 a 4500
999 _c1433
_d1433
001 1424969
003 CoMeUDC
005 20230518121709.0
008 131204s2013 ck a gr 00010 spa d
015 _ack-2013-xxxx
020 _a9789587710182
040 _aCO-BoBLA
_bspa
_cCO-UdeC
041 0 _aspa
082 0 4 _a158.7
_bD352
100 _91847
_aDelgado Abella, Leonor Emilia
245 0 0 _aPsicología organizacional :
_bperspectivas y avances /
_ccompiladoras, Leonor Emilia Delgado Abella, Marilyn Vanegas García ; coautores, Juan Carlos Carvajal ... [et al.].
260 _aBogotá :
_bECOE Ediciones,
_c2013.
300 _a222 p. ;
_c24 cm.
490 0 _aCiencias Humanas. Psicología
504 _aIncluye bibliografías.
505 _aPRIMERA PARTE. Psicología organizacional positiva: estudio de la felicidad en el trabajo -- La evaluación del capital psicológico en las organizaciones -- La justicia en la organización y su impacto en el desempeño humano -- Una visión innovadora de la empresa: la organización existencial -- Estado de la calidad de vida laboral en las organizaciones y reflexión sobre el rol de los psicólogos organizacionales colombianos frente a esta realidad -- SEGUNDA PARTE. Aprendizaje y clima organizacional como determinantes del cambio organizacional -- Diseño y elaboración de un modelo de formulación en problemáticas organizacionales, basados en OBM -- El comportamiento grupal del comportamiento organizacional -- Gestión por competencias en el sector público.
650 4 _aComportamiento organizacional.
650 0 _aPsicología organizacional
_91858
650 0 _aPsicología industrial
_91857
700 _aVanegas García, Marilyn
_91848
_ecompiladora
700 _aFerro Vásquez, Jaime
_91849
_eCoautor
700 _aCarvajal, Juan Carlos
_91850
_eCoautor
700 _aGómez Rada, Carlos
_91851
_eCoautor
700 _aGarcía Rubiano, Mónica
_91852
_eCoautora
700 _aGómez, Irma Yaneth
_91853
_eCoautora
700 _aSandoval Escobar, Marithza
_91854
_eCoautora
700 _aRomero Buj, Diego
_91855
_eCoautor
700 _aEnciso Forero, Leonora
_91856
_eCoautora
700 _aDelgado Abella, Leonor Emilia
_91847
_eCoautora
700 _aVanegas García, Marilyn
_91848
_eCoautora
942 _2ddc
_cRES